Lịch sử phong trào giải phóng dân tộc trong thế kỷ XX - một cách tiếp cận

Một số vấn đề lí luận về chủ nghĩa thực dân và phong trào giải phóng dân tộc. Cuộc đấu tranh giành và bảo vệ độc lập dân tộc của nhân dân Á, Phi, Mĩ la tinh

Na minha lista:
Detalhes bibliográficos
Autor principal: Đỗ Thanh Bình
Formato: Livro
Idioma:Vietnamese
Publicado em: H. Đại học Sư phạm 2010
Assuntos:
Tags: Adicionar Tag
Sem tags, seja o primeiro a adicionar uma tag!
Thư viện lưu trữ: Mạng thư viện Đại học Đà Nẵng
LEADER 01560aam a22003738a 4500
001 000016623
003 13026
005 20121126141103.0
008 121126s2010 viesd
020 |c 48000đ  |d 1000b 
041 |a vie 
082 1 4 |2 14  |a 909.82  |b ĐÔ-B 
084 |a P3(0)6-45z73  |b L302S 
100 1 |a Đỗ Thanh Bình 
245 |a Lịch sử phong trào giải phóng dân tộc trong thế kỷ XX - một cách tiếp cận  |c Đỗ Thanh Bình 
260 |a H.  |b Đại học Sư phạm  |c 2010 
300 |a 365 tr.  |c 24 cm. 
504 |a Phụ lục: tr. 309-361. - Thư mục cuối mỗi phụ lục 
520 |a Một số vấn đề lí luận về chủ nghĩa thực dân và phong trào giải phóng dân tộc. Cuộc đấu tranh giành và bảo vệ độc lập dân tộc của nhân dân Á, Phi, Mĩ la tinh 
650 7 |2 Bộ TK TVQG  |a Lịch sử hiện đại 
650 7 |2 Bộ TK TVQG  |a Phong trào giải phóng dân tộc 
650 7 |2 Bộ TK TVQG  |a Thế kỉ XX 
651 7 |2 Bộ TK TVQG  |a Thế giới 
655 7 |2 Bộ TK TVQG  |a Giáo trình 
OWN |a LSP 
AVA |a UDN50  |b LSP  |d 909.82 ĐÔ-B  |e available  |t Error 5001 Not defined in file expand_doc_bib_avail.  |f 5  |g 1  |h N  |i 0  |k 1 
999 |a From the UDN01 
AVA |a UDN50  |b LSP  |d 909.82 ĐÔ-B  |e available  |t Error 5001 Not defined in file expand_doc_bib_avail.  |f 5  |g 1  |h N  |i 0  |k 1 
TYP |a Monograph 
TYP |a Printed language 
980 |a Mạng thư viện Đại học Đà Nẵng